[Event "Blitz open"]
[Site "SchemingMind.com"]
[Date "2012.12.24"]
[Round "-"]
[White "capablanca"]
[Black "SAMAEL"]
[Result "1/2-1/2"]
[WhiteCountry "GER"]
[BlackCountry "CAN"]
[WhiteElo "1625"]
[WhiteRD "58"]
[BlackElo "1717"]
[BlackRD "52"]
[GameID "323493"]

1. e4 e5 2. Nf3 d6 3. d4 exd4 4. Nxd4 h6 5. Bc4 Nf6 6. O-O Be7 7. Re1 O-O 8. Nc3 Bd7 9. Bf4 Nc6 10. Nxc6 Bxc6
11. e5 dxe5 12. Bxe5= Qxd1 13. Raxd1 Rac8 14. Bb5 Bxb5 15. Nxb5 c6 16. Nd6 Bxd6 17. Rxd6 Rfe8 18. Kf1 Ng4 19. Bg3 Rxe1+ 20. Kxe1 Re8+
21. Kf1 Re7 22. Rd8+= Kh7 23. h3 Nf6 24. f3= Rd7 25. Rxd7 Nxd7 26. Ke2 Kg6 27. Bf2 a6 28. c4 Kf5 29. g3 g6 30. Bd4 h5
31. g4+ hxg4 32. hxg4+ Kf4 33. b4 Ne5 34. Bxe5+ Kxe5 35. Ke3 g5 36. c5 Kd5 37. Kd3 f6 38. a3 Ke5 39. Ke3 a5 40. Kd3 axb4
41. axb4 Kf4 42. Ke2 f5 43. gxf5 Kxf5 44. Ke3 Ke5 45. Kd3 Kf4 46. Ke2 Ke5 47. Ke3 Kd5=
1/2-1/2

[Event "Blitz open"]
[Site "SchemingMind.com"]
[Date "2012.12.19"]
[Round "-"]
[White "capablanca"]
[Black "Ezedoke"]
[Result "0-1"]
[WhiteCountry "GER"]
[BlackCountry "ARG"]
[WhiteElo "1719"]
[WhiteRD "63"]
[BlackElo "2000"]
[BlackRD "87"]
[GameID "323494"]

1. e4 c5 2. c3 Nf6 3. e5 Nd5 4. d4 cxd4 5. cxd4 d6 6. exd6 Qxd6 7. Nf3 Nc6 8. Bc4 Bg4 9. O-O e6 10. Qd3 Ndb4
11. Qe4 f5 12. Qxe6+ Qxe6 13. Bxe6 Bxf3
0-1

[Event "Blitz open"]
[Site "SchemingMind.com"]
[Date "2012.12.19"]
[Round "-"]
[White "capablanca"]
[Black "Colebunker"]
[Result "0-1"]
[WhiteCountry "GER"]
[BlackCountry "ENG"]
[WhiteElo "1638"]
[WhiteRD "55"]
[BlackElo "1775"]
[BlackRD "89"]
[GameID "323495"]

1. e4 d5 2. exd5 Qxd5 3. Nc3 Qa5 4. d4 Nf6 5. Bd2 c6 6. Nf3 Bf5 7. Bc4 e6 8. Ne5 Bb4 9. a3 Bxc3 10. Bxc3 Qc7
11. O-O Nbd7 12. Re1 Nxe5 13. dxe5 Ne4 14. Qf3 Nxc3 15. Qxc3 O-O 16. Bd3 Bxd3 17. Qxd3 Rad8 18. Qe3 Rd7 19. Rad1 Rfd8 20. Qe2 h6
21. Rxd7= Rxd7 22. b3 Qd8 23. Qe3 a6 24. h3 Rd2 25. c4 Rd3 26. Qc1 Rxb3 27. Rd1 Rd3 28. Rxd3 Qxd3 29. f4 b5 30. cxb5 Qxb5
31. Kf2 c5 32. Ke3 c4 33. Qc3 a5 34. Kd4 Qd5+ 35. Ke3 Kf8 36. Qd4 g6 37. g3 Kg7 38. Qb6 Qd3+ 39. Kf2 c3 40. Qxa5 c2
0-1

[Event "Blitz open"]
[Site "SchemingMind.com"]
[Date "2012.12.21"]
[Round "-"]
[White "Jacek"]
[Black "capablanca"]
[Result "0-1"]
[WhiteCountry "POL"]
[BlackCountry "GER"]
[WhiteElo "1693"]
[WhiteRD "79"]
[BlackElo "1638"]
[BlackRD "55"]
[GameID "323496"]

1. e4 e5 2. Bc4 Nc6 3. Ne2 Bc5 4. O-O Nf6 5. d3 h6 6. Nbc3 a6 7. Kh1 O-O 8. f4 exf4 9. d4 Bb4 10. Rxf4 d6
11. Nd5 Nxd5 12. exd5 Ne7 13. c3 Ba5 14. Ng3 Ng6 15. Rf2 Bb6 16. Be3 Re8 17. Qf3 Qe7 18. Re1 Rf8 19. Bd2 Qd7 20. Bd3 Qg4
21. Qe3 Bd7 22. h3 Qh4 23. Qf3 Qd8 24. Bxg6 fxg6 25. Qxf8+ Qxf8 26. Rxf8+ Kxf8 27. Kg1 Re8 28. Rf1+ Kg8 29. Kf2 Rf8+ 30. Ke2 Bb5+
0-1

[Event "Blitz open"]
[Site "SchemingMind.com"]
[Date "2012.12.20"]
[Round "-"]
[White "emvarela"]
[Black "capablanca"]
[Result "1-0"]
[WhiteCountry "ARG"]
[BlackCountry "GER"]
[WhiteElo "1743"]
[WhiteRD "47"]
[BlackElo "1638"]
[BlackRD "55"]
[GameID "323497"]

1. e4 d5 2. exd5 Qxd5 3. Nc3 Qa5 4. d4 c6 5. Nf3 Nf6 6. Bc4 e6 7. Bd2 Bb4 8. a3 Bxc3 9. Bxc3 Qc7 10. Qe2 O-O
11. O-O-O Nbd7 12. Ne5 Nxe5 13. dxe5 Nd5 14. Bxd5 exd5 15. f4 Be6 16. h3 c5 17. g4 d4 18. Bd2 Bd5 19. Rhf1 Rfe8 20. c4 Bc6
21. Qd3 b6 22. b4 Qb7 23. h4 Be4 24. Qb3 a5 25. b5 Bg2 26. Rf2 Bf3 27. Qxf3
1-0

[Event "Blitz open"]
[Site "SchemingMind.com"]
[Date "2012.12.19"]
[Round "-"]
[White "silent1"]
[Black "capablanca"]
[Result "1-0"]
[WhiteCountry "CAN"]
[BlackCountry "GER"]
[WhiteElo "1407"]
[WhiteRD "90"]
[BlackElo "1638"]
[BlackRD "55"]
[GameID "323498"]

1. d4 d5 2. c4 Nf6 3. Nc3 e6 4. e3 c6 5. Nf3 Bd6 6. Bd3 Nbd7 7. O-O O-O 8. h3 dxc4 9. Bxc4 a6 10. Bd2 Bb8
11. Bd3 Qc7 12. e4 c5 13. e5 Nd5 14. Nxd5 exd5 15. Bxh7+ Kxh7 16. Ng5+ Kg8 17. Qh5
1-0

[Event "Blitz open"]
[Site "SchemingMind.com"]
[Date "2012.12.19"]
[Round "-"]
[White "NAZRIZ1977"]
[Black "capablanca"]
[Result "1-0"]
[WhiteCountry "WLS"]
[BlackCountry "GER"]
[WhiteElo "1753"]
[WhiteRD "63"]
[BlackElo "1638"]
[BlackRD "55"]
[GameID "323499"]

1. c4 e5 2. g3 Nf6 3. Bg2 Bc5 4. Nc3 O-O 5. e3 c6 6. d4 exd4 7. exd4 Re8+ 8. Nge2 Bb4 9. O-O d5 10. cxd5 cxd5
11. Bg5 Be7 12. Nf4 h6 13. Bxf6 Bxf6 14. Nfxd5 Nc6 15. Nxf6+ Qxf6 16. d5 Ne5 17. Ne4 Qb6 18. b3 Bf5 19. Rc1 Rad8 20. Nc5 Nc6
21. Nxb7 Qxb7 22. dxc6 Qc7 23. Qh5 Bg6 24. Qc5 Re5 25. Qb4 Rb8 26. Qxb8+ Qxb8 27. c7
1-0

[Event "Blitz open"]
[Site "SchemingMind.com"]
[Date "2012.12.19"]
[Round "-"]
[White "simpet"]
[Black "capablanca"]
[Result "0-1"]
[WhiteCountry "ENG"]
[BlackCountry "GER"]
[WhiteElo "1590"]
[WhiteRD "59"]
[BlackElo "1719"]
[BlackRD "63"]
[GameID "323500"]

1. e4 e5 2. Nf3 Nc6 3. Bc4 Bc5 4. O-O d6 5. d3 Nf6 6. Nc3 Be6 7. Bxe6 fxe6 8. Bg5 h6 9. Bh4 g5 10. Bxg5 hxg5
11. Nxg5 Qe7 12. h3 O-O-O 13. a3 Rdg8 14. Nf3 Rxh3 15. g3 Rgxg3#
0-1

[Event "Blitz open"]
[Site "SchemingMind.com"]
[Date "2012.12.24"]
[Round "-"]
[White "SAMAEL"]
[Black "capablanca"]
[Result "1-0"]
[WhiteCountry "CAN"]
[BlackCountry "GER"]
[WhiteElo "1717"]
[WhiteRD "52"]
[BlackElo "1625"]
[BlackRD "58"]
[GameID "323501"]

1. e4 e5 2. Nf3 Nc6 3. a3 Bc5 4. Be2 d6 5. O-O Nf6 6. Nc3 a6 7. h3 b5 8. d3 Nd4 9. Re1 Nxe2+ 10. Qxe2 Bb7
11. Be3 Ba7 12. Nh2 Bxe3 13. Qxe3 c5 14. f3 O-O 15. Rad1 Qc7 16. Ne2 Rad8 17. Qg5 d5 18. Ng4 Nxg4 19. Qxg4 d4 20. Rf1 Qd7
21. Qxd7 Rxd7 22. f4 f5 23. exf5 exf4 24. Rxf4 Rdf7 25. Rdf1 Rf6 26. g4 Bc8 27. Kh2 h6 28. Kg3 Re8 29. R1f2 Re3+ 30. R4f3 Rxf3+
31. Rxf3 Bb7 32. Rf2 Rf8 33. Nf4 Kf7 34. Re2 Rc8 35. Ng6 Re8 36. Rxe8 Kxe8 37. Kf4 Kf7 38. h4 Kf6 39. Ne5 Bc8 40. c3 dxc3
41. bxc3 a5 42. Nc6 b4 43. cxb4 cxb4 44. axb4 a4 45. Nd4 a3 46. Nb3 a2 47. g5+ hxg5+ 48. hxg5+ Kf7 49. Ke5 Ke7 50. b5 Bb7
51. d4 Bf3 52. d5 Bd1 53. Na1 Kd7 54. b6
1-0

[Event "Blitz open"]
[Site "SchemingMind.com"]
[Date "2012.12.19"]
[Round "-"]
[White "Ezedoke"]
[Black "capablanca"]
[Result "1-0"]
[WhiteCountry "ARG"]
[BlackCountry "GER"]
[WhiteElo "2215"]
[WhiteRD "72"]
[BlackElo "1638"]
[BlackRD "55"]
[GameID "323502"]

1. e4 e5 2. Nf3 Nc6 3. Bb5 a6 4. Ba4 Nf6 5. O-O b5 6. Bb3 Bc5 7. a4 Bb7 8. c3 O-O 9. d4 Ba7 10. dxe5 Nxe4
11. Bc2 Nc5 12. b4 Ne6 13. Qd3 g6 14. Bh6 Re8 15. axb5 axb5 16. Qxb5 Bxf2+ 17. Rxf2 Rxa1 18. Qxb7 Qb8 19. Qxb8 Rxb8 20. Rf1 Rb5
21. Bd3 Nxe5 22. Bxb5 Nxf3+ 23. gxf3
1-0

[Event "Blitz open"]
[Site "SchemingMind.com"]
[Date "2012.12.19"]
[Round "-"]
[White "Colebunker"]
[Black "capablanca"]
[Result "1-0"]
[WhiteCountry "ENG"]
[BlackCountry "GER"]
[WhiteElo "1692"]
[WhiteRD "130"]
[BlackElo "1719"]
[BlackRD "63"]
[GameID "323503"]

1. d4 d5 2. c4 Nf6 3. Nf3 e6 4. Bf4 c6 5. Nc3 Bd6 6. Bg3 dxc4 7. e4 Bxg3 8. hxg3 b5 9. a4 b4 10. Na2 Qa5
11. Bxc4 Nxe4 12. O-O O-O 13. Re1 Nd6 14. Bd3 Ba6 15. Ne5 Bxd3 16. Nxd3 Na6 17. Re5 Qb6 18. Nc5
1-0

[Event "Blitz open"]
[Site "SchemingMind.com"]
[Date "2012.12.22"]
[Round "-"]
[White "Mistrz"]
[Black "Jacek"]
[Result "0-1"]
[WhiteCountry "POL"]
[BlackCountry "POL"]
[WhiteElo "1336"]
[WhiteRD "107"]
[BlackElo "1693"]
[BlackRD "79"]
[GameID "323685"]

1. d4 Nf6 2. Bg5 Ne4 3. Bf4 c5 4. f3 Nf6 5. d5 d6 6. e4 g6 7. Bb5+ Bd7 8. Qd3 a6 9. Bxd7+ Nbxd7 10. Ne2 Bg7
11. Nbc3 b5
0-1

[Event "Blitz open"]
[Site "SchemingMind.com"]
[Date "2012.12.22"]
[Round "-"]
[White "Mistrz"]
[Black "simpet"]
[Result "0-1"]
[WhiteCountry "POL"]
[BlackCountry "ENG"]
[WhiteElo "1336"]
[WhiteRD "107"]
[BlackElo "1613"]
[BlackRD "54"]
[GameID "323689"]

1. d4 d5 2. Nf3 Bf5 3. e3 Nf6 4. c4 e6 5. Nc3 Bb4 6. Qa4+ Nc6 7. Ne5 Bxc3+ 8. bxc3 O-O 9. Nxc6 bxc6 10. Qxc6 Rb8
11. Ba3 Re8 12. Bc5 Rb1+ 13. Rxb1 Bxb1 14. cxd5 Bxa2 15. Bb5 Bxd5
0-1

[Event "Blitz open"]
[Site "SchemingMind.com"]
[Date "2012.12.21"]
[Round "-"]
[White "Mistrz"]
[Black "Ezedoke"]
[Result "0-1"]
[WhiteCountry "POL"]
[BlackCountry "ARG"]
[WhiteElo "1336"]
[WhiteRD "107"]
[BlackElo "2215"]
[BlackRD "72"]
[GameID "323691"]

1. d4 d5 2. Nf3 c6 3. e3 Bg4 4. c4 e6 5. Nc3 Nf6 6. Be2 Nbd7 7. O-O Bxf3 8. Bxf3 dxc4 9. Qa4 Nb6 10. Qc2 Bd6
11. e4 e5 12. dxe5 Bxe5 13. Bg5 O-O 14. Rfd1 Qe7 15. Rd2 Bxh2+ 16. Kf1 Bc7
0-1

[Event "Blitz open"]
[Site "SchemingMind.com"]
[Date "2012.12.21"]
[Round "-"]
[White "Mistrz"]
[Black "Colebunker"]
[Result "0-1"]
[WhiteCountry "POL"]
[BlackCountry "ENG"]
[WhiteElo "1336"]
[WhiteRD "107"]
[BlackElo "1775"]
[BlackRD "89"]
[GameID "323692"]

1. d4 Nf6 2. Bg5 e6 3. e4 h6 4. Bxf6 Qxf6 5. Nf3 d6 6. Nc3 Nd7 7. Be2 c6 8. O-O e5 9. d5 Be7 10. Nd2 O-O
11. b4 a5 12. b5 c5 13. Nc4 Bd8 14. Qd2 Nb6 15. f4 Nxc4 16. Bxc4 exf4 17. Qxf4 Qxf4 18. Rxf4 Bg5
0-1

[Event "Blitz open"]
[Site "SchemingMind.com"]
[Date "2012.12.22"]
[Round "-"]
[White "Jacek"]
[Black "Mistrz"]
[Result "1-0"]
[WhiteCountry "POL"]
[BlackCountry "POL"]
[WhiteElo "1693"]
[WhiteRD "79"]
[BlackElo "1336"]
[BlackRD "107"]
[GameID "323694"]

1. e4 e6 2. d4 d5 3. Nc3 Nf6 4. Bg5 Be7 5. e5 Nfd7 6. h4 f6 7. Qh5+ g6 8. exf6 Nxf6 9. Qe2 h6 10. Be3 a6
11. Qd3
1-0

[Event "Blitz open"]
[Site "SchemingMind.com"]
[Date "2012.12.22"]
[Round "-"]
[White "simpet"]
[Black "Mistrz"]
[Result "1-0"]
[WhiteCountry "ENG"]
[BlackCountry "POL"]
[WhiteElo "1613"]
[WhiteRD "54"]
[BlackElo "1336"]
[BlackRD "107"]
[GameID "323698"]

1. e4 e6 2. d4 d5 3. exd5 exd5 4. Nf3 Bd6 5. Bb5+ c6 6. Ba4 Qa5+ 7. c3 Nf6 8. O-O O-O 9. b4 Qc7 10. h3 Bf5
11. Re1 Nbd7 12. Bc2 Bxc2 13. Qxc2 Rfe8 14. Be3 Nb6 15. Nbd2
1-0

[Event "Blitz open"]
[Site "SchemingMind.com"]
[Date "2012.12.22"]
[Round "-"]
[White "Ezedoke"]
[Black "Mistrz"]
[Result "1-0"]
[WhiteCountry "ARG"]
[BlackCountry "POL"]
[WhiteElo "2215"]
[WhiteRD "72"]
[BlackElo "1336"]
[BlackRD "107"]
[GameID "323700"]

1. e4 e6 2. d4 d5 3. Nd2 Nf6 4. e5 Nfd7 5. c3 c5 6. Bd3 Nc6 7. Ne2 Qb6 8. Nf3 cxd4 9. cxd4 Bb4+ 10. Bd2 O-O
11. a3 Bxd2+ 12. Qxd2 f6 13. exf6 Nxf6 14. O-O Na5 15. Qb4 Qxb4 16. axb4 Nc6 17. Ra4
1-0

[Event "Blitz open"]
[Site "SchemingMind.com"]
[Date "2012.12.21"]
[Round "-"]
[White "Colebunker"]
[Black "Mistrz"]
[Result "1-0"]
[WhiteCountry "ENG"]
[BlackCountry "POL"]
[WhiteElo "1775"]
[WhiteRD "89"]
[BlackElo "1336"]
[BlackRD "107"]
[GameID "323701"]

1. e4 e6 2. d4 d5 3. Nc3 Nf6 4. Bg5 Be7 5. e5 Nfd7 6. Bxe7 Qxe7 7. f4 c5 8. Nf3 Nc6 9. Nb5 O-O 10. c3 a6
11. Nd6 f6 12. Bd3 fxe5 13. fxe5 c4 14. Bc2 Nd8 15. O-O Nf7 16. Nxf7 Rxf7 17. Qe1 b5 18. Qg3 Bb7 19. Bxh7+
1-0